000 00485nam a2200193Ia 4500
005 20240823030639.0
008 240823s9999||||xx |||||||||||||| ||und||
020 _a978-81-265-2308-5
041 _aENGLISH
082 _A005.133 Q0
100 _a"Petroutsos,Evangelos"
245 0 _aMastering Visual Basic 6
250 _a1st
260 _c2010
_bWiley India Pv
_aNew Delhi
500 _aYES
650 _aVisual Basic
_bInformation Technology
942 _cBK
999 _c189192
_d189192